Polish Voivodeships by HDI - Statistics

General Stats
  • This quiz has been taken 31 times
  • The average score is 8 of 16
Answer Stats
HDI Voivodeship % Correct
0.958 Masovia
91%
0.919 Pomerania
73%
0.924 Lesser Poland
68%
0.929 Lower Silesia
68%
0.919 Greater Poland
64%
0.910 Silesia
64%
0.886 Lublin
50%
0.888 Opole
45%
0.877 Świętokrzyskie
45%
0.901 Łódź
41%
0.874 Lubusz
41%
0.891 Podlaskie
41%
0.862 Warmia-Masuria
41%
0.884 West Pomerania
41%
0.887 Kuyavia-Pomerania
36%
0.883 Podkarpackie
36%
No matching quizzes found
Score Distribution
Percent of People with Each Score
Percentile by Number Answered
Your Score History
You have not taken this quiz